| 000 | 00729nam a2200229Ia 4500 | ||
|---|---|---|---|
| 005 | 20220705105343.0 | ||
| 008 | 210716s2010 xx 000 0 und d | ||
| 020 | _a9788175156159 | ||
| 040 | _cAIMIT LIBRARY | ||
| 041 | _aeng | ||
| 082 |
_a511.8 _21 _bDOEA |
||
| 100 |
_aDoerr, Alan. _946983 |
||
| 245 |
_aApplied discrete structures for computer science / _cBy Alan Doerr and Kenneth Levasseur |
||
| 250 | _a1st ed. | ||
| 260 |
_aNew Delhi : _bGalgotia Publications Pvt Ltd , _c2010. |
||
| 300 |
_axx,523p. ; _c21 cm. |
||
| 650 |
_aCombinatorics _946984 |
||
| 650 |
_aIntroduction to matrix algebra _946985 |
||
| 650 |
_aGraph theory _946986 |
||
| 700 |
_aLevasseur, Kenneth. _946987 |
||
| 942 |
_2ddc _cBK _e1st _k511.8 DOEA |
||
| 999 |
_c192950 _d192950 |
||